000 00798nam a2200265 i 4500
001 000009021
003 DO-SdBNP
005 20251127093554.0
007 ta
008 090923s1973 dr a 000 0 spa d
040 _aDO-SdBNP
_bspa
_cBNPHU
_erda
041 _aspa
082 _axxx
_bC334p
_222
100 1 _aCasado, Luciano
_eautor
_923656
245 1 0 _aPrincipios de economía política /
_cLuciano Casado.
264 _aSanto Domingo :
_bTaller de impresiones,
_c1973.
300 _a214 páginas :
_bilustraciones ;
_c23 cm.
336 _ardacontent
_btexto
_2txt
337 _ardamedia
_bsin mediación
_2n
338 _ardacarrier
_bvolumen
_2nc
504 _aIncluye referencias bibliográficas (páginas 213-214)
590 _aInventariado, 2025/DG
910 _aDG
942 _2ddc
_cLBS1
999 _c8785
_d8785